LIBRARY & INFORMATION CENTRE, KCAET, TAVANUR

ONLINE PUBLIC ACCESS CATALOGUE (OPAC)

Irrigation engineering / (Record no. 2611)

MARC details
000 -LEADER
fixed length control field 00511cam a2200217ua 4500
041 ## - LANGUAGE CODE
Language code of text/sound track or separate title eng
082 ## - DEWEY DECIMAL CLASSIFICATION NUMBER
Classification number 631.5871
Item number KAM/IR
100 ## - MAIN ENTRY--AUTHOR NAME
Personal name Kamala, A.
245 ## - TITLE STATEMENT
Title Irrigation engineering /
250 ## - EDITION STATEMENT
Edition statement 2 /
260 ## - PUBLICATION, DISTRIBUTION, ETC. (IMPRINT)
Place of publication Poona :
Name of publisher United book corporationq ,
Year of publication 1995.
300 ## - PHYSICAL DESCRIPTION
Number of Pages 257 ; .
942 ## - ADDED ENTRY ELEMENTS (KOHA)
Koha item type Books
Holdings
Withdrawn status Lost status Damaged status Home library Current library Date acquired Full call number Accession Number Koha item type
      KAUAET KAUAET 07/04/2012 631.5871 9164 Books
      KAUAET KAUAET 07/04/2012 631.5871 12222 Books
      KAUAET KAUAET 07/04/2012 631.5871 19296 Books
      KAUAET KAUAET 07/04/2012 631.5871 19295 Books
free website counter